|
|
|
|
| LEADER |
00000nab a2200000 a 4500 |
| 001 |
vtls000561567 |
| 003 |
SK-MaSNL |
| 005 |
20260319073449.0 |
| 008 |
160202c1995 xo 0 hun |
| 015 |
|
|
|a SNBRB19rr/mm-uuuuu
|
| 035 |
|
|
|a CL0561705
|
| 040 |
|
|
|a SNKBUCL
|b slo
|c SNKBUCL
|e AACR2
|
| 041 |
0 |
|
|a hun
|
| 044 |
|
|
|a xo
|c SK
|
| 080 |
|
|
|a 101.9
|2 1981
|
| 080 |
|
|
|a 262.14
|2 1981
|
| 100 |
1 |
|
|a Bolberitz, Pál
|d 1941-
|4 aut
|9 863270
|
| 245 |
1 |
0 |
|a Ki ad félelemoldó biztonságot
|b Beszélgetés Bolberitz Pál filozófussal
|c Pál Bolberitz, Aranka Gyepes
|
| 600 |
1 |
7 |
|a Bolberitz, Pál,
|d 1941-
|2 snkbucl
|9 863270
|
| 655 |
|
7 |
|a články z novín a časopisov
|2 snkbucl
|9 267496
|
| 700 |
1 |
|
|a Gyepes, Aranka,
|d 1952-
|4 aut
|9 572395
|
| 773 |
0 |
|
|t Remény
|g Roč. 6, č. 32 (1995), s. 3
|
| 850 |
|
|
|a Slovenská národná knižnica v Martine
|a DSG001
|
| 852 |
|
|
|a SNK
|b KIS3GCP
|
| 958 |
|
|
|a RK
|
| 958 |
|
|
|a BC
|
| 958 |
|
|
|a HU
|
| 992 |
|
|
|a RBX
|
| 999 |
|
|
|c 1612521
|d 1614451
|